| 000 | 03459cam a22006254i 4500 | ||
|---|---|---|---|
| 003 | PE-LiUPU | ||
| 005 | 20250731172809.0 | ||
| 008 | 150617s1977 flu r 000 0 spa d | ||
| 035 | _a(Sirsi) a13471 | ||
| 040 |
_aPE-LiUPU _bspa _cPE-LiUPU _erda |
||
| 049 | _aPRUA | ||
| 082 | 0 | 4 |
_a232.5 _bL14 _221 |
| 100 | 1 |
_aLadd, George Eldon, _eautor. |
|
| 245 | 1 | 0 |
_aCreo en la Resurrección de Jesús / _cGeorge Eldon Ladd. |
| 264 | 1 |
_aMiami : _bCaribe, _c1977. |
|
| 300 |
_a200 páginas ; _c20 centímetros. |
||
| 336 |
_atext _2rdacontent |
||
| 337 |
_aunmediated _2rdamedia |
||
| 338 |
_avolume _2rdacarrier |
||
| 490 | 1 | _aCreo | |
| 505 | 0 | _aLa fe y la historia -- El carácter central de la resurrección -- La resurrección en el Antiguo Testamento -- La resurrección en el judaísmo -- El Mesías y la resurrección -- Naturaleza de los Evangelios -- El testimonio de los Evangelios -- El testimonio de Pablo -- Explicaciones "históricas" -- ¿Tiene importancia? | |
| 526 | _aSEG42 | ||
| 526 | _aSEG41 | ||
| 526 | _aSEG40 | ||
| 526 | _aSEG39 | ||
| 526 | _aP94 | ||
| 526 | _aP87 | ||
| 526 | _aP86 | ||
| 526 | _aP85 | ||
| 526 | _aP77 | ||
| 526 | _aP76 | ||
| 526 | _aP35 | ||
| 650 | 0 | 4 | _aResurrección de Jesús. |
| 910 |
_ajck _bjvq _cjck _d20150616 |
||
| 942 |
_2ddc _cBOOK |
||
| 949 |
_a232.5 L14 _wDEWEY _c1 _i38588 _lCCODEBUL1 _mBUL _p19.18 _r0 _sY _tBOOK _u2015-04-22 _xTEOLOGIA _PP35 _0COMPRA _o.STAFF. Colección Teología |
||
| 949 |
_a232.5 L14 _wDEWEY _c2 _i15631 _lCCODEBUL1 _mBUL _p19.18 _r0 _sY _tBOOK _u19780427 _xTEOLOGIA _PP35 _0COMPRA _o.STAFF. Colección Teología |
||
| 949 |
_a232.5 L14 _wDEWEY _c3 _i15632 _lCCODEBUL1 _mBUL _p19.18 _r0 _sY _tBOOK _u19780427 _xTEOLOGIA _PP35 _0COMPRA _o.STAFF. Colección Teología |
||
| 949 |
_a232.5 L14 _wDEWEY _c4 _i15633 _lCCODEBUL1 _mBUL _p19.18 _r0 _sY _tBOOK _u19780427 _xTEOLOGIA _PP35 _0COMPRA _o.STAFF. Colección Teología |
||
| 949 |
_a232.5 L14 _wDEWEY _c5 _i38589 _lCCODEBUL1 _mBUL _p19.18.00 _r0 _sY _tBOOK _u2015-04-22 _xTEOLOGIA _PP35 _0COMPRA _o.STAFF. Colección Teología |
||
| 994 |
_aC0 _bPEPRU |
||
| 596 | _a1 2 | ||
| 999 |
_a232.5 L14 _wDEWEY _c3842 _i38588 _f2021-11-10 _g5 _lCCODEBUL1 _mBUL _r0 _sY _tBOOK _u2015-4-22 _xTEOLOGIA _PP35 _0COMPRA _o.STAFF. Colección General _d3842 |
||
| 999 |
_a232.5 L14 _wDEWEY _c2 _i15631 _d2016-10-21 _e2016-10-17 _f2021-11-10 _g5 _lCCODEBUL1 _mBUL _n2 _p19.18 _r0 _sY _tBOOK _u2015-6-17 _xTEOLOGIA _PP35 _0COMPRA _o.STAFF. Colección Teología |
||
| 999 |
_a232.5 L14 _wDEWEY _c3 _i15632 _f2021-11-10 _g5 _lCCODEBUL1 _mBUL _p19.18 _r0 _sY _tBOOK _u2015-6-17 _xTEOLOGIA _PP35 _0COMPRA _o.STAFF. Colección Teología |
||
| 999 |
_a232.5 L14 _wDEWEY _c4 _i15633 _d2016-8-25 _e2016-8-22 _f2021-11-10 _g5 _lCCODEBUL1 _mBUL _n3 _p19.18 _r0 _sY _tBOOK _u2015-6-17 _xTEOLOGIA _PP35 _0COMPRA _o.STAFF. Colección Teología |
||
| 999 |
_a232.5 L14 _wDEWEY _c5 _i38589 _d2016-10-21 _e2016-10-17 _f2021-11-10 _g5 _lCCODEBUL1 _mBUL _n1 _p19.18 _r0 _sY _tBOOK _u2015-4-22 _xTEOLOGIA _PP35 _0COMPRA _o.STAFF. Colección Teología |
||
| 999 |
_a232.5 L14 1977 _wDEWEY _c1 _iFT00058 _f2019-2-20 _g1 _lCCODEBUT1 _mBUT _p10.00 _r0 _sY _tBOOK _u2015-10-28 _xBIBLIOTECA _PP35 _0DONACION _o.STAFF. Colección General |
||
| 980 |
_81 _gALBERTO SANCHEZ Responsable de Automatización |
||